000 00383nam a22001697a 4500
005 20160627145713.0
008 160627b xxu||||| |||| 00| 0 eng d
020 _a0-7619-9621-4
041 _aeng
082 _b10646
100 _aMemon, Visalakshi
_92957
245 _aFrom Movement to government
260 _bSage
300 _a336
650 _aManagement
_9241
942 _cBK
999 _c4272
_d4271